[Event "37. Copenhagen Open (Politiken Cup)"]
[Site "Elsinore"]
[Date "2015.07.28"]
[Round "5"]
[White "Larsen, Ole Bogh"]
[Black "Hogeman, Joel"]
[Result "1-0"]
[WhiteElo "2203"]
[BlackElo "1946"]
[PlyCount "131"]
[EventDate "2015.07.25"]
[EventType "swiss"]
[EventRounds "10"]
[EventCountry "DEN"]
[Source "ChessBase"]
[SourceDate "2015.09.14"]

1. d4 Nf6 2. c4 e6 3. Nc3 Bb4 4. a3 Bxc3+ 5. bxc3 b6 6. f3 Nc6 7. e4 Ba6 8. Bd3
Na5 9. Qe2 d6 10. Nh3 Qd7 11. O-O Qa4 12. Bg5 Bxc4 13. Bxf6 gxf6 14. Nf4 Ke7
15. Rad1 h5 16. d5 e5 17. Nh3 Rag8 18. f4 Rg6 19. fxe5 fxe5 20. Qf3 Qe8 21. Ng5
f6 22. Ne6 Qd7 23. Qf5 Rhg8 24. Qxh5 Rxg2+ 25. Kh1 Bxd3 26. Rxd3 Qe8 27. Qh7+
Qf7 28. Qxf7+ Kxf7 29. Rdf3 R2g6 30. Rh3 Nc4 31. Rh7+ Ke8 32. Nxc7+ Kd8 33.
Ne6+ Ke8 34. Rxa7 Nd2 35. Ra8+ Kf7 36. Rxg8 Rxg8 37. Re1 Nf3 38. Rb1 Nd2 39.
Rxb6 Nxe4 40. Rb7+ Kg6 41. c4 Ra8 42. Rb3 Ra4 43. c5 dxc5 44. d6 Nxd6 45. Nxc5
Rc4 46. Nd3 e4 47. Rb6 Rd4 48. Nf4+ Kf5 49. Ne2 Rd2 50. Ng3+ Kf4 51. Nf1 Rd3
52. h4 Kg4 53. Ne3+ Rxe3 54. Rxd6 Kg3 55. Rd1 Kxh4 56. Ra1 Rd3 57. Kg2 f5 58.
a4 f4 59. a5 f3+ 60. Kf2 Rd2+ 61. Ke3 Re2+ 62. Kf4 Kh3 63. a6 Rc2 64. a7 Rc8
65. Ke3 Kg2 66. a8=Q 1-0

[Event "37. Copenhagen Open (Politiken Cup)"]
[Site "Elsinore"]
[Date "2015.07.28"]
[Round "5"]
[White "Larsen, Preben R"]
[Black "Yilmaz, Kazim"]
[Result "1-0"]
[WhiteElo "1808"]
[BlackElo "1612"]
[PlyCount "97"]
[EventDate "2015.07.25"]
[EventType "swiss"]
[EventRounds "10"]
[EventCountry "DEN"]
[Source "ChessBase"]
[SourceDate "2015.09.14"]

1. e4 c5 2. Nf3 d6 3. d4 cxd4 4. Nxd4 Nf6 5. Nc3 Nc6 6. Bb5 Bd7 7. Be3 g6 8.
O-O Bg7 9. Qd2 O-O 10. Bxc6 Bxc6 11. f3 a6 12. Kh1 Qc7 13. Bh6 e5 14. Bxg7 Kxg7
15. Nf5+ gxf5 16. Qg5+ Kh8 17. Qxf6+ Kg8 18. Rad1 Qd8 19. Qxd6 Qxd6 20. Rxd6 f4
21. Rfd1 f6 22. Nd5 Bxd5 23. R1xd5 Rf7 24. Kg1 Re8 25. Rd8 Rxd8 26. Rxd8+ Kg7
27. Kf2 Rc7 28. c3 Kf7 29. Ke2 Ke7 30. Rd2 Ke6 31. g4 h5 32. h3 hxg4 33. hxg4
Rh7 34. Kd3 Rh3 35. Rf2 Kd6 36. a4 b6 37. b4 Kc6 38. Ke2 Rh1 39. Rg2 Ra1 40. g5
Ra2+ 41. Kf1 Rxg2 42. Kxg2 fxg5 43. Kh3 b5 44. a5 Kd7 45. Kg4 Ke7 46. Kxg5 Ke6
47. Kg6 Ke7 48. Kf5 Kd6 49. Kf6 1-0

[Event "37. Copenhagen Open (Politiken Cup)"]
[Site "Elsinore"]
[Date "2015.07.28"]
[Round "5"]
[White "Larsen, Steen"]
[Black "Hein, Jacob"]
[Result "1/2-1/2"]
[WhiteElo "1141"]
[BlackElo "1441"]
[PlyCount "112"]
[EventDate "2015.07.25"]
[EventType "swiss"]
[EventRounds "10"]
[EventCountry "DEN"]
[Source "ChessBase"]
[SourceDate "2015.09.14"]

1. c4 g6 2. e3 d5 3. Nc3 c6 4. d4 Bg7 5. cxd5 cxd5 6. e4 dxe4 7. Nxe4 Qxd4 8.
Qxd4 Bxd4 9. Nf3 Bg7 10. Bb5+ Bd7 11. Bc4 Bc6 12. Neg5 Nh6 13. Rb1 b5 14. Be6
O-O 15. h4 Bd7 16. Bxd7 Nxd7 17. h5 Nc5 18. Kf1 Rad8 19. Be3 Na4 20. Bxa7 Nxb2
21. g3 Ra8 22. Bd4 Rxa2 23. hxg6 fxg6 24. Bxg7 Rxf3 25. Bxb2 Rxf2+ 26. Kxf2
Ng4+ 27. Ke2 h5 28. Ne6 Nh6 29. Nf4 Kf7 30. Rhf1 Nf5 31. Nxh5 Ke8 32. Nf4 Nxg3+
33. Ke1 Nxf1 34. Kxf1 g5 35. Ne6 g4 36. Nc7+ Kf7 37. Nxb5 Kg6 38. Nc3 Ra5 39.
Re1 e5 40. Re4 Kf5 41. Re2 Kf4 42. Ne4 g3 43. Kg2 Ra6 44. Bc1+ Kg4 45. Nd2 Rc6
46. Bb2 Rh6 47. Re4+ Kf5 48. Rxe5+ Kf4 49. Re4+ Kf5 50. Kxg3 Rb6 51. Rf4+ Kg6
52. Nc4 Rb3+ 53. Kg4 Rb5 54. Ne5+ Kg7 55. Rf5 Rxb2 56. Rg5+ Kf6 1/2-1/2

[Event "37. Copenhagen Open (Politiken Cup)"]
[Site "Elsinore"]
[Date "2015.07.28"]
[Round "5"]
[White "Larsen, Ulrik"]
[Black "Satre, Mathias"]
[Result "0-1"]
[WhiteElo "2005"]
[BlackElo "1753"]
[PlyCount "72"]
[EventDate "2015.07.25"]
[EventType "swiss"]
[EventRounds "10"]
[EventCountry "DEN"]
[Source "ChessBase"]
[SourceDate "2015.09.14"]

1. e4 e6 2. d3 d5 3. Nd2 c5 4. Ngf3 Nc6 5. g3 Bd6 6. Bg2 Nf6 7. O-O O-O 8. Re1
Qc7 9. Qe2 Nd7 10. Nf1 d4 11. N1d2 b5 12. e5 Be7 13. a4 bxa4 14. Rxa4 Nb6 15.
Ra1 Bb7 16. Ne4 Nb4 17. Bg5 Bxe4 18. Qxe4 Nxc2 19. Qh4 Nxe1 20. Rxe1 Nd5 21.
Qh5 Bxg5 22. Nxg5 h6 23. Be4 Qe7 24. Nh7 Rfc8 25. f4 Ne3 26. g4 f5 27. exf6
gxf6 28. Qg6+ Qg7 29. Nxf6+ Kh8 30. Qxg7+ Kxg7 31. Nh5+ Kf7 32. Bxa8 Rxa8 33.
h3 Rb8 34. Ra1 Rb7 35. Ra5 c4 36. dxc4 d3 0-1

[Event "37. Copenhagen Open (Politiken Cup)"]
[Site "Elsinore"]
[Date "2015.07.28"]
[Round "5"]
[White "Lauritsen, Martin Lee"]
[Black "Helin, Mikael"]
[Result "0-1"]
[WhiteElo "2102"]
[BlackElo "1896"]
[PlyCount "112"]
[EventDate "2015.07.25"]
[EventType "swiss"]
[EventRounds "10"]
[EventCountry "DEN"]
[Source "ChessBase"]
[SourceDate "2015.09.14"]

1. e4 c5 2. Nf3 a6 3. d4 cxd4 4. Nxd4 e6 5. Bd3 Qc7 6. O-O Nf6 7. c4 h5 8. Kh1
Ng4 9. Nf3 Bc5 10. Qe2 Nc6 11. Be3 Nxe3 12. fxe3 Qb6 13. Re1 Qd8 14. Nc3 g5 15.
Qf2 g4 16. Nd4 Ne5 17. Rad1 Be7 18. Rf1 Bg5 19. c5 Qe7 20. Na4 b5 21. cxb6 Bb7
22. Qe2 h4 23. Rc1 h3 24. g3 Nxd3 25. Qxd3 f5 26. Nc5 fxe4 27. Qe2 Bd5 28. b7
Rd8 29. Nxa6 Qd6 30. b8=Q Rxb8 31. Nxb8 Qxb8 32. Qxg4 Rg8 33. Qe2 Ke7 34. a4
Rf8 35. Qg4 Qe5 36. Rxf8 Kxf8 37. Qh5 Qg7 38. Qe2 Qh6 39. Re1 Ke8 40. Nb5 Bc6
41. Nc3 Qf6 42. Kg1 d5 43. Qf2 Qf3 44. Qxf3 exf3 45. Kf2 Kf7 46. a5 e5 47. Kxf3
d4+ 48. Kg4 Bxe3 49. Kxh3 Ke6 50. b4 Bd2 51. b5 Bxe1 52. bxc6 dxc3 53. a6 Bf2
54. Kg2 c2 55. Kxf2 c1=Q 56. a7 Qc5+ 0-1

[Event "37. Copenhagen Open (Politiken Cup)"]
[Site "Elsinore"]
[Date "2015.07.28"]
[Round "5"]
[White "Lien, Kjell Hakon"]
[Black "Degerfeldt, Sven"]
[Result "1-0"]
[WhiteElo "2133"]
[BlackElo "1859"]
[PlyCount "51"]
[EventDate "2015.07.25"]
[EventType "swiss"]
[EventRounds "10"]
[EventCountry "DEN"]
[Source "ChessBase"]
[SourceDate "2015.09.14"]

1. e4 c5 2. Ne2 d6 3. g3 Nc6 4. Bg2 e6 5. O-O Nge7 6. b3 e5 7. c3 Bg4 8. h3
Bxe2 9. Qxe2 Qd7 10. d3 f6 11. Be3 b6 12. Rd1 Qb7 13. d4 g6 14. Na3 Rd8 15.
dxc5 dxc5 16. Qc4 Nc8 17. Qe6+ Be7 18. Bh6 Rxd1+ 19. Rxd1 Nd8 20. Qg4 Nd6 21.
Bf1 N8f7 22. Nb5 Nxh6 23. Nxd6+ Bxd6 24. Qe6+ Be7 25. Bb5+ Kf8 26. Rd7 1-0

[Event "37. Copenhagen Open (Politiken Cup)"]
[Site "Elsinore"]
[Date "2015.07.28"]
[Round "5"]
[White "Linderod, Lars Erik"]
[Black "Huse, Sigurd Kjelsbol"]
[Result "1-0"]
[WhiteElo "1912"]
[BlackElo "1715"]
[PlyCount "53"]
[EventDate "2015.07.25"]
[EventType "swiss"]
[EventRounds "10"]
[EventCountry "DEN"]
[Source "ChessBase"]
[SourceDate "2015.09.14"]

1. e4 e5 2. Nf3 Nf6 3. Nc3 Nc6 4. d4 exd4 5. Nxd4 Bb4 6. Nxc6 bxc6 7. Bd3 d6 8.
O-O O-O 9. Bg5 h6 10. Bh4 Qe7 11. f4 Bxc3 12. bxc3 Qe6 13. Qf3 a5 14. Rae1 Nd7
15. g4 Ba6 16. f5 Qe5 17. g5 hxg5 18. Bxg5 Qxc3 19. Re3 Qd4 20. Kh1 f6 21. Bf4
Bxd3 22. cxd3 Rf7 23. Qh5 Rb8 24. Rg1 Kf8 25. Reg3 Qf2 26. Be3 Qc2 27. Rxg7 1-0

[Event "37. Copenhagen Open (Politiken Cup)"]
[Site "Elsinore"]
[Date "2015.07.28"]
[Round "5"]
[White "Lobersli, Henrik Oie"]
[Black "Rose, Dennis Lauge"]
[Result "1-0"]
[WhiteElo "2034"]
[BlackElo "1797"]
[PlyCount "47"]
[EventDate "2015.07.25"]
[EventType "swiss"]
[EventRounds "10"]
[EventCountry "DEN"]
[Source "ChessBase"]
[SourceDate "2015.09.14"]

1. d4 f5 2. c4 e6 3. Nf3 d5 4. Bf4 Nf6 5. Nc3 c6 6. Qc2 Be7 7. e3 O-O 8. Bd3
Ne4 9. g4 Nxc3 10. bxc3 Bd6 11. Bxd6 Qxd6 12. O-O-O Bd7 13. Rdg1 b5 14. c5 Qc7
15. Ne5 a5 16. Rg3 b4 17. Rhg1 g6 18. gxf5 exf5 19. h4 Na6 20. h5 Nxc5 21. hxg6
Nxd3+ 22. Qxd3 Rf6 23. gxh7+ Kh8 24. Rg8+ 1-0

[Event "37. Copenhagen Open (Politiken Cup)"]
[Site "Elsinore"]
[Date "2015.07.28"]
[Round "5"]
[White "Loveid, Erik"]
[Black "Rasdal, Yngve"]
[Result "0-1"]
[WhiteElo "1559"]
[BlackElo "1790"]
[PlyCount "56"]
[EventDate "2015.07.25"]
[EventType "swiss"]
[EventRounds "10"]
[EventCountry "DEN"]
[Source "ChessBase"]
[SourceDate "2015.09.14"]

1. Nf3 Nf6 2. d4 d5 3. c4 c6 4. cxd5 cxd5 5. Nc3 Nc6 6. Bf4 a6 7. e3 Bg4 8. Be2
e6 9. O-O Bd6 10. Bg3 O-O 11. Rc1 Bxg3 12. hxg3 Rc8 13. Ne1 Bxe2 14. Qxe2 Na5
15. Nd3 Nc4 16. b3 Nd6 17. f3 Qa5 18. Na4 b6 19. Ne5 Nf5 20. Qf2 Ne7 21. g4 h6
22. Qe2 Qb4 23. Rxc8 Rxc8 24. Qxa6 Qd2 25. Qd3 Qxa2 26. Rf2 Rc1+ 27. Rf1 Rc2
28. Kh2 Rxg2+ 0-1

[Event "37. Copenhagen Open (Politiken Cup)"]
[Site "Elsinore"]
[Date "2015.07.28"]
[Round "5"]
[White "Lund, Gunnar"]
[Black "Hansen, John Laurids"]
[Result "1-0"]
[WhiteElo "1765"]
[BlackElo "1986"]
[PlyCount "83"]
[EventDate "2015.07.25"]
[EventType "swiss"]
[EventRounds "10"]
[EventCountry "DEN"]
[Source "ChessBase"]
[SourceDate "2015.09.14"]

1. e4 e5 2. Nf3 Nc6 3. Bc4 Nf6 4. d3 Bc5 5. c3 d6 6. Bb3 O-O 7. Bg5 Be6 8. Bc2
Bb6 9. Nbd2 a6 10. h3 h6 11. Bh4 Qe7 12. Qe2 d5 13. g4 Qd6 14. Bxf6 gxf6 15.
Nh4 d4 16. c4 Ba5 17. O-O-O b5 18. Nf5 Bxf5 19. gxf5 Kh7 20. cxb5 axb5 21. Bb3
Bxd2+ 22. Rxd2 Na5 23. Bd1 Rg8 24. Kb1 Nb7 25. Bb3 Rg7 26. Qh5 Qd7 27. Rc1 Na5
28. Bd1 Rg5 29. Qh4 Qe7 30. f4 Rg1 31. Qf2 Rag8 32. Bh5 Rxc1+ 33. Kxc1 c5 34.
fxe5 fxe5 35. f6 Qe6 36. Kb1 Rg5 37. Bg4 Qe8 38. Bf5+ Kh8 39. h4 Rg8 40. Rd1
Qc6 41. Qd2 Qxf6 42. Qxa5 1-0

[Event "37. Copenhagen Open (Politiken Cup)"]
[Site "Elsinore"]
[Date "2015.07.28"]
[Round "5"]
[White "Maagaard, David Bille"]
[Black "Nielsen, Jan Mose"]
[Result "1-0"]
[WhiteElo "1859"]
[BlackElo "2074"]
[PlyCount "81"]
[EventDate "2015.07.25"]
[EventType "swiss"]
[EventRounds "10"]
[EventCountry "DEN"]
[Source "ChessBase"]
[SourceDate "2015.09.14"]

1. d4 c5 2. e3 e6 3. Nf3 b6 4. c4 Nf6 5. Bd3 Bb7 6. Nc3 Be7 7. O-O Nc6 8. d5
Nb4 9. e4 d6 10. Re1 e5 11. Bf1 h6 12. h3 Nh7 13. a3 Na6 14. Qd3 Bc8 15. Nh2 g5
16. g3 Nf8 17. Bg2 Ng6 18. Kf1 Bd7 19. b3 Qc8 20. g4 Nc7 21. Bd2 Nh4 22. Ne2 b5
23. Ng3 bxc4 24. bxc4 Ba4 25. Nf3 Ng6 26. Nf5 Qa6 27. Reb1 Bf6 28. Rb2 h5 29.
Nxg5 Nf4 30. Bxf4 exf4 31. Rab1 Bxg5 32. Qc3 Rg8 33. e5 hxg4 34. hxg4 Kd7 35.
e6+ fxe6 36. dxe6+ Kxe6 37. Bb7 Bf6 38. Qe1+ Kf7 39. Bxa6 Bxb2 40. Qe7+ Kg6 41.
Rxb2 1-0

[Event "37. Copenhagen Open (Politiken Cup)"]
[Site "Elsinore"]
[Date "2015.07.28"]
[Round "5"]
[White "Machlik, Jon"]
[Black "Roe, Simon J"]
[Result "1/2-1/2"]
[WhiteElo "1973"]
[BlackElo "2240"]
[PlyCount "49"]
[EventDate "2015.07.25"]
[EventType "swiss"]
[EventRounds "10"]
[EventCountry "DEN"]
[Source "ChessBase"]
[SourceDate "2015.09.14"]

1. e4 c6 2. d4 d5 3. exd5 cxd5 4. c4 Nf6 5. Nc3 e6 6. Nf3 Nc6 7. Bf4 Be7 8. Bd3
dxc4 9. Bxc4 O-O 10. O-O a6 11. a3 b5 12. Ba2 Bb7 13. Re1 b4 14. axb4 Nxb4 15.
Bb1 Rc8 16. Ng5 Nbd5 17. Be5 h6 18. Nge4 Nxe4 19. Nxe4 Nf6 20. Nc3 Bd6 21. Qd3
Bxe5 22. dxe5 Qxd3 23. Bxd3 Nd5 24. Nxd5 Bxd5 25. b4 1/2-1/2

[Event "37. Copenhagen Open (Politiken Cup)"]
[Site "Elsinore"]
[Date "2015.07.28"]
[Round "5"]
[White "Maesschalck, Vincent"]
[Black "Thomsen, Kim"]
[Result "0-1"]
[WhiteElo "1784"]
[BlackElo "1997"]
[PlyCount "72"]
[EventDate "2015.07.25"]
[EventType "swiss"]
[EventRounds "10"]
[EventCountry "DEN"]
[Source "ChessBase"]
[SourceDate "2015.09.14"]

1. e4 c5 2. Nf3 Nc6 3. Nc3 Nf6 4. d4 cxd4 5. Nxd4 e5 6. Nf3 Bb4 7. Bc4 O-O 8.
O-O h6 9. h3 Re8 10. Re1 a6 11. a3 Bxc3 12. bxc3 b5 13. Bd5 Bb7 14. Bb2 Qc7 15.
c4 Na5 16. Bxb7 Nxb7 17. cxb5 axb5 18. Qd3 Nc5 19. Qc3 d6 20. Nd2 Qb7 21. f3
Na4 22. Qb3 Qb6+ 23. Kh1 Qf2 24. Bc3 Nh5 25. Kh2 Nf4 26. Rg1 Ne2 27. Rgf1 Qg3+
28. Kh1 Naxc3 29. f4 Qe3 30. fxe5 Ng3+ 31. Kh2 Nxf1+ 32. Rxf1 Qxd2 33. Qxf7+
Kh8 34. e6 Qd4 35. Rf5 Ne2 36. Rg5 Qg1# 0-1

[Event "37. Copenhagen Open (Politiken Cup)"]
[Site "Elsinore"]
[Date "2015.07.28"]
[Round "5"]
[White "Marin, Mihail"]
[Black "Vuilleumier, Alexandre"]
[Result "1-0"]
[WhiteElo "2579"]
[BlackElo "2357"]
[PlyCount "57"]
[EventDate "2015.07.25"]
[EventType "swiss"]
[EventRounds "10"]
[EventCountry "DEN"]
[Source "ChessBase"]
[SourceDate "2015.09.14"]

1. c4 e5 2. Nc3 Bb4 3. g3 Bxc3 4. bxc3 Nf6 5. Bg2 O-O 6. d3 Nc6 7. e4 d6 8. Nf3
a6 9. a4 Nd7 10. Nh4 Nc5 11. O-O b6 12. f4 Na5 13. Ra2 f6 14. Nf5 Be6 15. Ne3
b5 16. fxe5 dxe5 17. Ba3 Nxa4 18. Bxf8 Qxf8 19. Rc2 bxc4 20. d4 exd4 21. cxd4
c3 22. e5 Rd8 23. exf6 Bb3 24. fxg7 Qxg7 25. Nf5 Qg5 26. h4 Bxc2 27. Qxc2 Qd2
28. Qxa4 c2 29. Qa2+ 1-0

[Event "37. Copenhagen Open (Politiken Cup)"]
[Site "Elsinore"]
[Date "2015.07.28"]
[Round "5"]
[White "Maselli, Daniel"]
[Black "Liedbeck, Patrik"]
[Result "1/2-1/2"]
[WhiteElo "1717"]
[BlackElo "1986"]
[PlyCount "100"]
[EventDate "2015.07.25"]
[EventType "swiss"]
[EventRounds "10"]
[EventCountry "DEN"]
[Source "ChessBase"]
[SourceDate "2015.09.14"]

1. d4 d5 2. Nf3 c6 3. c3 Nf6 4. Bg5 Bf5 5. e3 Nbd7 6. Bd3 Bxd3 7. Qxd3 Ne4 8.
Bf4 e6 9. Nbd2 Ndf6 10. Ng5 Nxd2 11. Qxd2 h6 12. Nf3 Ne4 13. Qe2 g5 14. Bg3 h5
15. h3 Nxg3 16. fxg3 Bd6 17. Qf2 Qc7 18. O-O-O Bxg3 19. Qc2 Qe7 20. e4 O-O-O
21. Rhf1 g4 22. Nd2 gxh3 23. gxh3 Rdf8 24. exd5 cxd5 25. Rf3 Rhg8 26. Qh7 Rh8
27. Qg7 Bh4 28. Rdf1 f5 29. Qxe7 Bxe7 30. Rg3 Rhg8 31. Rfg1 Rxg3 32. Rxg3 Bh4
33. Rg6 Rf6 34. Rg8+ Kc7 35. Nf3 Bf2 36. Kd2 f4 37. Rg7+ Kb6 38. Ne5 Be3+ 39.
Kd3 Rf5 40. Rg6 Bc1 41. Rxe6+ Kc7 42. Kc2 f3 43. Nxf3 Rxf3 44. Kxc1 Rxh3 45.
Rh6 Rh2 46. a4 h4 47. Kb1 h3 48. Ka2 Rh1 49. Kb3 Kd7 50. Kb4 Rb1 1/2-1/2

[Event "37. Copenhagen Open (Politiken Cup)"]
[Site "Elsinore"]
[Date "2015.07.28"]
[Round "5"]
[White "Maselli, David"]
[Black "Hansen, Anders1"]
[Result "0-1"]
[WhiteElo "1387"]
[BlackElo "1704"]
[PlyCount "74"]
[EventDate "2015.07.25"]
[EventType "swiss"]
[EventRounds "10"]
[EventCountry "DEN"]
[Source "ChessBase"]
[SourceDate "2015.09.14"]

1. d4 Nf6 2. Nc3 e6 3. e4 Bb4 4. Bd3 b6 5. Nf3 Bb7 6. Bg5 h6 7. Bxf6 Qxf6 8.
Qd2 Qd8 9. a3 Be7 10. O-O O-O 11. Ne1 f5 12. f4 fxe4 13. Nxe4 d5 14. Nc3 Nc6
15. Qe3 Nxd4 16. Kh1 c5 17. Nf3 Rf6 18. Nxd4 cxd4 19. Qxd4 Qf8 20. Rae1 Bc5 21.
Qa4 Qf7 22. Rf3 a6 23. Ref1 b5 24. Qa5 Rf8 25. b4 Bd4 26. Ne2 Ba7 27. f5 e5 28.
Bxb5 Bb6 29. Qa4 axb5 30. Qxb5 e4 31. Rf4 Be3 32. Rh4 Ba6 33. Qa4 Bxe2 34. Rb1
Rxf5 35. h3 Bg5 36. g4 Rf1+ 37. Rxf1 Qxf1+ 0-1

[Event "37. Copenhagen Open (Politiken Cup)"]
[Site "Elsinore"]
[Date "2015.07.28"]
[Round "5"]
[White "Matthiesen, Martin"]
[Black "Levrand, Roland"]
[Result "1/2-1/2"]
[WhiteElo "2347"]
[BlackElo "2146"]
[PlyCount "38"]
[EventDate "2015.07.25"]
[EventType "swiss"]
[EventRounds "10"]
[EventCountry "DEN"]
[Source "ChessBase"]
[SourceDate "2015.09.14"]

1. d4 Nf6 2. c4 g6 3. Nc3 Bg7 4. e4 O-O 5. f3 c6 6. Be3 Na6 7. Bd3 d6 8. Nge2
e5 9. O-O exd4 10. Nxd4 Re8 11. Bf2 d5 12. cxd5 cxd5 13. Bb5 Rf8 14. e5 Nh5 15.
Re1 Nf4 16. Bxa6 bxa6 17. Qd2 Qg5 18. Be3 Bxe5 19. g3 Bxd4 1/2-1/2

[Event "37. Copenhagen Open (Politiken Cup)"]
[Site "Elsinore"]
[Date "2015.07.28"]
[Round "5"]
[White "Maze, Sebastien"]
[Black "Zeier, Klaus"]
[Result "1-0"]
[WhiteElo "2575"]
[BlackElo "2229"]
[PlyCount "113"]
[EventDate "2015.07.25"]
[EventType "swiss"]
[EventRounds "10"]
[EventCountry "DEN"]
[Source "ChessBase"]
[SourceDate "2015.09.14"]

1. g3 Nf6 2. Bg2 d5 3. Nf3 g6 4. c4 c6 5. Qa4 Bg7 6. cxd5 Nxd5 7. d4 O-O 8. O-O
Na6 9. Nc3 Nb6 10. Qa5 e5 11. dxe5 Nc4 12. Qxd8 Rxd8 13. Bg5 Re8 14. Ne4 Nxe5
15. Nf6+ Bxf6 16. Bxf6 Nxf3+ 17. Bxf3 Nc5 18. Bd4 Ne6 19. Be3 h5 20. Rfe1 Ng7
21. Bg2 Nf5 22. Bc5 Be6 23. e4 Ne7 24. Be3 Nc8 25. a3 Nb6 26. Red1 Bb3 27. Re1
Be6 28. Bd4 Red8 29. Bf6 Re8 30. Rad1 Nd7 31. Bc3 Nb6 32. f3 Red8 33. Bf6 Rxd1
34. Rxd1 Kf8 35. h3 Ke8 36. g4 Nd7 37. Bc3 hxg4 38. hxg4 f6 39. Kf2 g5 40. Rh1
Ke7 41. Rh7+ Kd6 42. Kg3 Rf8 43. Bf1 Rf7 44. Rxf7 Bxf7 45. f4 gxf4+ 46. Kxf4
Be6 47. Bxf6 Nxf6 48. e5+ Ke7 49. exf6+ Kxf6 50. g5+ Ke7 51. Ke5 a5 52. g6 b5
53. Bg2 b4 54. axb4 axb4 55. Bxc6 b3 56. Bd5 Bxd5 57. Kxd5 1-0

[Event "37. Copenhagen Open (Politiken Cup)"]
[Site "Elsinore"]
[Date "2015.07.28"]
[Round "5"]
[White "McPhillips, Joseph"]
[Black "Hector, Jonny"]
[Result "0-1"]
[WhiteElo "2191"]
[BlackElo "2485"]
[PlyCount "134"]
[EventDate "2015.07.25"]
[EventType "swiss"]
[EventRounds "10"]
[EventCountry "DEN"]
[Source "ChessBase"]
[SourceDate "2015.09.14"]

1. e4 e5 2. Nf3 Nc6 3. Bb5 a6 4. Ba4 Nf6 5. O-O b5 6. Bb3 Bc5 7. Nxe5 Nxe5 8.
d4 Bxd4 9. Qxd4 d6 10. f4 Nc6 11. Qc3 Ne7 12. e5 Ne4 13. Qe1 Nc5 14. Be3 O-O
15. Nc3 Nxb3 16. axb3 Bb7 17. f5 b4 18. Na2 dxe5 19. Rd1 Qc8 20. Bc5 Re8 21.
Qxe5 Nd5 22. Qg3 Nf6 23. Bd4 Re2 24. Rf2 Rxf2 25. Qxf2 Ne4 26. Qf4 c5 27. Be5
Qc6 28. Qf1 Re8 29. Bf4 Qf6 30. c3 Qxf5 31. Be3 Qe6 32. c4 Qe5 33. Nc1 Qxb2 34.
Rd7 Nf6 35. Rd2 Qe5 36. Bf4 Qe6 37. Re2 Ne4 38. Nd3 Qd7 39. Re1 h6 40. Be3 Rc8
41. Ne5 Qe6 42. Nd3 Qd6 43. Rd1 Qe7 44. Re1 a5 45. Qf5 Qd6 46. Ne5 Rc7 47. Rf1
g6 48. Qf4 Re7 49. Nf3 Qxf4 50. Bxf4 g5 51. Be3 f5 52. Ra1 f4 53. Bf2 g4 54.
Nh4 Rd7 55. Ng6 Nxf2 56. Kxf2 Rd2+ 57. Kf1 Rxg2 58. Rxa5 g3 59. hxg3 fxg3 60.
Ra7 Rf2+ 61. Kg1 Be4 62. Nf4 Rb2 63. Kf1 g2+ 64. Nxg2 Bxg2+ 65. Kg1 Bf3 66. Rc7
Rg2+ 67. Kf1 Rg5 0-1

[Event "37. Copenhagen Open (Politiken Cup)"]
[Site "Elsinore"]
[Date "2015.07.28"]
[Round "5"]
[White "Mehringer, Joerg"]
[Black "Nielsen, Leo"]
[Result "1-0"]
[WhiteElo "1991"]
[BlackElo "1775"]
[PlyCount "183"]
[EventDate "2015.07.25"]
[EventType "swiss"]
[EventRounds "10"]
[EventCountry "DEN"]
[Source "ChessBase"]
[SourceDate "2015.09.14"]

1. e4 c5 2. g3 e5 3. Bg2 Nc6 4. Ne2 d6 5. c3 Nf6 6. O-O Be7 7. d4 O-O 8. d5 Na5
9. Na3 b6 10. h3 Bd7 11. Be3 Qc8 12. Kh2 a6 13. f4 Ne8 14. f5 Nf6 15. g4 h6 16.
Ng3 Nh7 17. Qd2 Bg5 18. Bxg5 hxg5 19. Nh5 f6 20. Rac1 Qe8 21. Rg1 g6 22. fxg6
Qxg6 23. Rgf1 Kf7 24. Ng3 Ke7 25. Nf5+ Bxf5 26. Rxf5 Rh8 27. Rcf1 Raf8 28. Qd3
Ra8 29. R1f2 Rhc8 30. Qe3 Nb7 31. Nc4 Rab8 32. Nxb6 Rc7 33. Nc4 Nd8 34. Qd3 Nf7
35. Na5 Rb6 36. Nc6+ Kd7 37. Qf1 Qg7 38. b3 Nd8 39. Na5 Kc8 40. Nc4 Rcb7 41.
Nxb6+ Rxb6 42. Qc4 Nb7 43. Qa4 Qd7 44. Qxd7+ Kxd7 45. c4 Ke7 46. Kg3 Nd8 47.
Rb2 a5 48. a3 Nf8 49. Rf1 Ng6 50. Rfb1 Nf4 51. Bf1 Kd7 52. b4 axb4 53. axb4
cxb4 54. Rxb4 Rxb4 55. Rxb4 Kc7 56. Ra4 Nb7 57. Ra8 Nc5 58. Kf3 Nd7 59. Ke3 Kb7
60. Rh8 Kc7 61. h4 Ng6 62. Rh6 Nxh4 63. Kf2 Kd8 64. Be2 Ke7 65. Rh7+ Kd8 66.
Rg7 Nc5 67. Bf3 Nd3+ 68. Ke3 Nc5 69. Rf7 Nd7 70. Bd1 Ke8 71. Rh7 Ng6 72. Ba4
Ngf8 73. Bxd7+ Nxd7 74. Rh8+ Nf8 75. Kd3 Ke7 76. Kc3 Nd7 77. Rh3 Nc5 78. Re3
Kd7 79. Kb4 Kc7 80. Kb5 Kb7 81. Rh3 Nxe4 82. Rh7+ Kc8 83. Kc6 Kd8 84. c5 Nxc5
85. Kxd6 Ne4+ 86. Ke6 Nc5+ 87. Kxf6 e4 88. Kxg5 e3 89. Rh2 Ne4+ 90. Kf4 Nf2 91.
Kf3 Kd7 92. Rg2 1-0

[Event "37. Copenhagen Open (Politiken Cup)"]
[Site "Elsinore"]
[Date "2015.07.28"]
[Round "5"]
[White "Merkesvik, Amalie Isabel"]
[Black "Johannesen, Lars Peter Meldgaar"]
[Result "1-0"]
[WhiteElo "1461"]
[BlackElo "1718"]
[PlyCount "59"]
[EventDate "2015.07.25"]
[EventType "swiss"]
[EventRounds "10"]
[EventCountry "DEN"]
[Source "ChessBase"]
[SourceDate "2015.09.14"]

1. e4 d5 2. exd5 Qxd5 3. Nf3 Nf6 4. d4 c6 5. Nc3 Qa5 6. h3 h6 7. Bd3 e6 8. Bd2
Qc7 9. O-O Bd6 10. Re1 Bf4 11. Ne2 Bxd2 12. Qxd2 Nbd7 13. c4 O-O 14. Rac1 b6
15. d5 Nc5 16. d6 Qd8 17. b4 Nxd3 18. Qxd3 Bd7 19. c5 b5 20. Nc3 a6 21. Ne5 Re8
22. Qf3 Rf8 23. Nxc6 Qe8 24. Ne7+ Kh8 25. Ne4 Bc6 26. Nxf6 Bxf3 27. Nxe8 Rfxe8
28. gxf3 Rad8 29. Red1 Rd7 30. c6 1-0

[Event "37. Copenhagen Open (Politiken Cup)"]
[Site "Elsinore"]
[Date "2015.07.28"]
[Round "5"]
[White "Molin, Claus"]
[Black "Andersen, Claus"]
[Result "1-0"]
[WhiteElo "1990"]
[BlackElo "1773"]
[PlyCount "89"]
[EventDate "2015.07.25"]
[EventType "swiss"]
[EventRounds "10"]
[EventCountry "DEN"]
[Source "ChessBase"]
[SourceDate "2015.09.14"]

1. d4 Nf6 2. c4 g6 3. Nc3 d5 4. Nf3 Bg7 5. Bg5 Ne4 6. Bh4 Nxc3 7. bxc3 c6 8. e3
O-O 9. Be2 Bg4 10. Qb3 b6 11. O-O Qd7 12. h3 Bxf3 13. Bxf3 e6 14. Rac1 Na6 15.
Bg3 Rac8 16. Qa4 Nb8 17. Qb3 Rfd8 18. cxd5 cxd5 19. Be2 Qb7 20. Bh4 Rf8 21. c4
dxc4 22. Bxc4 Nc6 23. Qd3 Nb8 24. a4 e5 25. d5 Rc5 26. Ba2 Rfc8 27. Rxc5 Rxc5
28. d6 Qd7 29. Rd1 Nc6 30. Qb3 Na5 31. Qxf7+ Qxf7 32. Bxf7+ Kxf7 33. d7 Nc6 34.
Rd6 Bf8 35. Rxc6 Be7 36. Rxc5 bxc5 37. d8=Q Bxd8 38. Bxd8 Ke6 39. Kf1 Kd5 40.
Ke2 Kc4 41. Kd2 Kb3 42. Bf6 e4 43. a5 a6 44. f3 exf3 45. gxf3 1-0